Pressure transients in water engineering : (Record no. 532020)

000 -LEADER
fixed length control field 01166cam a22003377a 4500
001 - CONTROL NUMBER
control field 15932035
003 - CONTROL NUMBER IDENTIFIER
control field NUST
005 - DATE AND TIME OF LATEST TRANSACTION
control field 20191106131026.0
008 - FIXED-LENGTH DATA ELEMENTS--GENERAL INFORMATION
fixed length control field 091005s2008 enka b 001 0 eng
010 ## - LIBRARY OF CONGRESS CONTROL NUMBER
LC control number 2009370132
015 ## - NATIONAL BIBLIOGRAPHY NUMBER
National bibliography number GBA853777
Source bnb
016 7# - NATIONAL BIBLIOGRAPHIC AGENCY CONTROL NUMBER
Record control number 014577426
Source Uk
020 ## - INTERNATIONAL STANDARD BOOK NUMBER
International Standard Book Number 9780727735928
020 ## - INTERNATIONAL STANDARD BOOK NUMBER
International Standard Book Number 0727735926
035 ## - SYSTEM CONTROL NUMBER
System control number (OCoLC)ocn222149283
038 ## - RECORD CONTENT LICENSOR
Staff Name MSOHAIL
040 ## - CATALOGING SOURCE
Original cataloging agency UKM
Transcribing agency UKM
Modifying agency YDXCP
-- BTCTA
-- TXA
-- OCLCG
-- BWK
-- DLC
042 ## - AUTHENTICATION CODE
Authentication code ukblsr
-- lccopycat
050 00 - LIBRARY OF CONGRESS CALL NUMBER
Classification number TA357.5.U57
Item number E56 2008
082 04 - DEWEY DECIMAL CLASSIFICATION NUMBER
Classification number 532.052
Edition number 22
100 1# - MAIN ENTRY--PERSONAL NAME
Personal name Ellis, John,
Dates associated with a name 1946 January 5-
9 (RLIN) 25279
245 10 - TITLE STATEMENT
Title Pressure transients in water engineering :
Remainder of title a guide to analysis and interpretation of behaviour /
Statement of responsibility, etc. John Ellis.
260 ## - PUBLICATION, DISTRIBUTION, ETC.
Place of publication, distribution, etc. London :
Name of publisher, distributor, etc. Thomas Telford,
Date of publication, distribution, etc. 2008.
300 ## - PHYSICAL DESCRIPTION
Extent xx, 540 p. :
Other physical details ill. ;
Dimensions 24 cm.
504 ## - BIBLIOGRAPHY, ETC. NOTE
Bibliography, etc. note Includes bibliographical references (p. 525-526) and index.
650 #0 - SUBJECT ADDED ENTRY--TOPICAL TERM
Topical term or geographic name entry element Unsteady flow (Fluid dynamics)
9 (RLIN) 25280
650 #0 - SUBJECT ADDED ENTRY--TOPICAL TERM
Topical term or geographic name entry element Pipelines
General subdivision Fluid dynamics.
9 (RLIN) 25281
906 ## - LOCAL DATA ELEMENT F, LDF (RLIN)
a 7
b cbc
c copycat
d 2
e ncip
f 20
g y-gencatlg
942 ## - ADDED ENTRY ELEMENTS (KOHA)
Source of classification or shelving scheme
Koha item type Book
Holdings
Withdrawn status Lost status Source of classification or shelving scheme Damaged status Not for loan Permanent Location Current Location Date acquired Total Checkouts Full call number Barcode Date last seen Price effective from Koha item type
          School of Civil and Environmental Engineering (SCEE) School of Civil and Environmental Engineering (SCEE) 11/06/2019   532.052 NIT-11934 11/06/2019 11/06/2019 Book
© 2023 Central Library, National University of Sciences and Technology. All Rights Reserved.